LEADER 01339nam a2200265 a 4500 001 000000160237 003 CaOOAMICUS 005 20170412114359.0 008 170412s1966 sz m 001 u ita r 032 $aLibriCat 040 $aPUL$bita 100 1 $aFarina, Raffaele,$cS.D.B.,$d1933-$0(OLS)http://pul/name/5807 245 12$aL'impero e l'imperatore cristiano in Eusebio di Cesarea :$bla prima teologia politica del cristianesimo /$cauctore Raphaėl Farina, S.D.B. 260 $aZürich :$bPAS,$c1966. 300 $a381 p. ;$c24 cm. 502 $aTesi -- Pontificia Universitas Gregoriana. Facultas Historiae Ecclesiasticae. 1966. 504 $aBibliografia in nota a pič pagina. 600 04$aEusebius Caesariensis,$cvesc.,$d260/265-339/340.$0(OLS)http://pul/subject/7900 710 2 $aPontificia Universitą Gregoriana.$bFacoltą di storia ecclesiastica.$kTesi.$0(OLS)http://pul/name/11264 850 $aPUL 852 $aPUL$W1$xDP1 Tesi Pon. Univ. Gregoriana$y40$mTH PUG 1749$j183841$qTesi$B187050$CPULBib$Z2$F187050 $H28294 $82 941 1 $a16 996 $6245$aL'impero e l'imperatore cristiano in Eusebio di Cesarea :$bla prima teologia politica del cristianesimo$9(OLS)http://pul/title/14068 996 $6260$aZürich :$bPAS$9(OLS)http://pul/publisher/78245 LEADER 01048nam a2200253 a 4500 001 000000130841 003 CaOOAMICUS 005 20121009121815.0 008 121009s2010 it u000 u ita r 040 $aPUL$bita 082 04$a261.8 100 1 $aDoldi, Marco.$0(OLS)http://pul/name/35724 245 13$aLa diakonģa della veritą :$bla Chiesa, l'educazione e il progresso /$cMarco Doldi. 260 $aRoma :$bSir Servizio Informazione Religiosa,$c2010. 300 $a96 p. ;$c24 cm 504 $aBibliografia in nota. 650 4$aChiesa e societą.$0(OLS)http://pul/subject/2506 850 $aPUL 852 $aPUL$W1$xSL Religione 3$y85$m261. 8 DOLMA 2$j151238$qDDC 21$B149982$CPULBib$Z2$F149982 $H120925 $82 941 1 $a9 996 $6082$a261.8$9(OLS)http://pul/classification/367 996 $6245$aLa diakonģa della veritą :$bla Chiesa, l'educazione e il progresso$9(OLS)http://pul/title/165350 996 $6260$aRoma :$bSir Servizio Informazione Religiosa$9(OLS)http://pul/publisher/82140